000 00668cab a2200229 4500
001 ABS56980
008 090401t1997 xxu||||| |||| 00| 0 eng d
035 _a(Sirsi) u98367
041 _aeng
100 _aCradick, K.
245 _aDevelopment plans and renewable energy
260 _c1997
350 _a0
490 _aNew Review
_v(32) May 1997, 4-5(2)
520 _aExplains why development plans are important and relevant to renewable energy projects.
650 _aDEVELOPMENT PLANS
650 _aRENEWABLE ENERGY PROJECTS
650 _aRENEWABLE ENERGY
690 _aENVIRONMENTAL AND LAND CONSULTANCY-ENERGY
942 _n0
948 _c21/05/1997
999 _c59768
_d59768